000
00324 a2200157 4500
001
173663
020
_a
040
_c
Magnum
100
_a
Telles, Carlos Queiroz
240
1
0
_a
O ninho dos morcegatos
_l
por
245
1
0
_a
O ninho dos morcegatos
362
0
_a
1899
440
1
_a
FTD
697
_a
IJ/GERAL
942
_c
BK
999
_c
173663
_d
173663